| 000 | 00647nam a22002057a 4500 | ||
|---|---|---|---|
| 003 | 0 | ||
| 005 | 20250507102215.0 | ||
| 008 | 250507b xxu||||| |||| 00| 0 eng d | ||
| 020 | _a9789719655909 | ||
| 050 |
_aHF 5415.32 _b.P277 2024 |
||
| 100 | _aPasahol, Jhon Ven Saint Laqui | ||
| 245 |
_aIntroduction to consumer behavior _cJhon Ven Saint Laqui Pasahol |
||
| 260 |
_aManila _bMindshapers Co. Inc. _cc2024 |
||
| 300 |
_avi, 288 pages ; _c26cm. |
||
| 504 | _aIncludes bibliographical references. | ||
| 650 | _aConsumer behavior. | ||
| 650 | _aConsumers—Psychology. | ||
| 650 | _aMarketing—Psychological aspects. | ||
| 942 |
_2lcc _cBK |
||
| 999 |
_c367463 _d367463 |
||